000 00936cam a2200193 a 4500
005 20260520120828.0
008 110103s2011 nyu b 001 0 eng
020 _a9788184002805 (pbk.)
082 _a338.91 BAN
100 1 _aBanerjee, Abhijit V.
245 1 0 _aPoor economics :
_brethinking poverty & the ways to end it /
_cAbhijit V. Banerjee and Esther Duflo.
260 _aLondon :
_bVintage Books,
_c2011.
300 _axv, 442 p. ;
_c22 cm.
505 _a 1. Think Again, Again;2. A Billion Hungry People?; 3. Low-Hanging Fruit for Better (Global) Health?4 Top of the Class5. Pak Sudarno's Big Family;6. Barefoot Hedge-Fund Managers; 7. The Men from Kabul and the Eunuchs of India: The (Not So) Simple Economics of Lending to the Poor;8. Saving Brick by Brick;9. Reluctant Entrepreneurs ;10. Policies Politics.
650 0 _aPoor economic
650 0 _aPoverty
_xPrevention.
700 1 _aDuflo, Esther
942 _2ddc
_cBK
999 _c112375
_d112375